000 00402nam a2200157Ia 4500
003 GCL
008 140319s9999 xx 000 0 eng d
040 _aGCL /
_cGCL
082 0 4 _a749.3
_bC C
100 1 _aCHINA RECONSTRUCTS
245 1 0 _aTHE CHINESE SCREEN /
_cCHINA RECONSTRUCTS
260 _a[S.N] :
_bCHINE RECONSTRUCTS ،
_c1961
650 0 4 _aARTS
650 0 4 _aARTS, CHINESE
942 _2ddc
_cBK
999 _c15628
_d15628